Statystyki dla Państwa położone najbliżej Morza Bałtyckiego

Kliknij tutaj aby rozwiązać quiz!

Ogólne statystyki

  • Ten quiz został rozwiązany 222 razy
    (209 od ostatniego zresetowania)
  • Średni wynik to 24 z 26

Statystyki odpowiedzi

kmPaństwo% Poprawnych
0Rosja
100%
0Dania
99%
0Niemcy
99%
0Polska
99%
0Szwecja
99%
0Estonia
98%
0Finlandia
98%
0Litwa
98%
0Łotwa
98%
489Belgia
97%
459Czechy
97%
222Holandia
96%
326Norwegia
96%
522Słowacja
96%
587Francja
94%
407Ukraina
94%
509Austria
93%
217Białoruś
93%
668Węgry
92%
717Szwajcaria
91%
545Luksemburg
90%
561Wielka
Brytania
87%
755Słowenia
86%
779Włochy
86%
749Liechtenstein
83%
729Rumunia
81%

Rozkład punktacji

Percentyl według liczby udzielonych odpowiedzi

Procent ludzi z każdym wynikiem

Twoja historia wyników

Nie rozwiązałeś tego quizu od ostatniego zresetowania